Normal view
MARC view
Entry Personal Name
001 - CONTROL NUMBER
- control field: 41676
003 - CONTROL NUMBER IDENTIFIER
- control field: dpl
005 - DATE AND TIME OF LATEST TRANSACTION
- control field: 20120213113110.0
008 - FIXED-LENGTH DATA ELEMENTS
- fixed length control field: 120213|||a|||||| | ||| d
040 ## - CATALOGING SOURCE
- Original cataloging agency: dpl
- Transcribing agency: dpl
100 ## - HEADING--PERSONAL NAME
- Personal name: Dharmarajan, Geeta
670 ## - SOURCE DATA FOUND
- Source citation: Work cat.: (dpl)59905: Dharmarajan, Geeta , The magic raindrop /, 2005
670 ## - SOURCE DATA FOUND
- Source citation: Work cat.: (dpl)59905: Dharmarajan, Geeta , The magic raindrop /, 2005
